| 000 | 00673nam a22001697a 4500 | ||
|---|---|---|---|
| 003 | MACL | ||
| 005 | 20160722150025.0 | ||
| 008 | 160722b xxu||||| |||| 00| 0 eng d | ||
| 040 | _cMACL | ||
| 041 | _aHindi | ||
| 082 | _a340 MIS | ||
| 100 |
_aमिश्रा, महेन्द्र कुमार _964994 |
||
| 245 |
_aसामाजिक न्याय, मानवाधिकार और पुलिस _cमहेन्द्र कुमार मिश्रा |
||
| 260 |
_aनई दिल्ली _bएजुकेशनल पब्लिशर्स _c2011 |
||
| 650 |
_aमानवधिकार _949369 |
||
| 942 |
_2ddc _cHIN |
||
| 999 |
_c54690 _d54690 |
||